| 000 | 00000nam##2200000za#4500 |
| 001 | 9.580531 |
| 003 | CaOODSP |
| 005 | 20210624191101 |
| 007 | cr ||||||||||| |
| 008 | 150406|2014||||xxc|||||o f|0| 0 eng|d |
| 020 | |a978-1-100-24898-1 |
| 022 | |a1488-5379 |
| 040 | |aCaOODSP|beng |
| 043 | |an-cn--- |
| 086 | 1 |aFs97-6/3104E-PDF |
| 110 | 1 |aCanada. |bDepartment of Fisheries and Oceans. |
| 245 | 14|aThe marine community in a nearshore rocky habitat in Nova Scotia / |h[electronic resource]|cby Robert J. Miller, Nancy D. Davis, L. Darlene Meade. |
| 260 | |aDartmouth - Nova Scotia : |bFisheries and Oceans Canada |c2014. |
| 300 | |a62p.|bfigs., graphs, map, references, tables, photographs |
| 490 | 1 |aCanadian technical report of fisheries and aquatic sciences|x1488-5379|vNo. 3104 |
| 500 | |aISBN (0-662-35572-5) is printed in this publication. |
| 546 | |a(Résumé en français) |
| 590 | |a15-12|b2015-03-20 |
| 830 | #0|aCanadian technical report of fisheries and aquatic sciences,|x1488-5379|vNo. 3104|w(CaOODSP)9.504449 |
| 856 | 40|ahttp://publications.gc.ca|qPDF|s1723 KB|uhttps://publications.gc.ca/collections/collection_2015/mpo-dfo/Fs97-6-3104-eng.pdf|yNo. 3104 |